Presidents of Chile - Statistics

General Stats
  • This quiz has been taken 414 times
  • The average score is 24 of 66
Answer Stats
Period Answer % Correct
1973 - 1990 Augusto Pinochet
93%
2006 - 2010 Michelle Bachelet Jeria
91%
2014 - Michelle Bachelet Jeria
91%
1970 - 1973 Salvador Allende Gossens
90%
2010 - 2014 Sebastián Piñera Echenique
89%
1964 - 1970 Eduardo Frei Montalva
81%
1994 - 2000 Eduardo Frei Ruiz-Tagle
81%
2000 - 2006 Ricardo Lagos Escobar
81%
1990 - 1994 Patricio Aylwin Azócar
73%
1920 - 1924 Arturo Alessandri Palma
69%
1925 Arturo Alessandri Palma
69%
1932 1938 Arturo Alessandri Palma
69%
1958 - 1964 Jorge Alessandri Rodríguez
69%
1927 - 1931 Carlos Ibáñez del Campo
62%
1952 - 1958 Carlos Ibañez del Campo
62%
1851 - 1861 Manuel Montt
61%
1938 - 1941 Pedro Aguirre Cerda
56%
1891 - 1896 Jorge Montt Álvarez
55%
1886 - 1891 José Manuel Balmaceda
55%
1906 - 1910 Pedro Montt Montt
55%
1826 Manuel Blanco Encalada
54%
1946 - 1952 Gabriel González Videla
51%
1861 - 1871 José Joaquín Pérez
42%
1910-1915 Ramón Barros Luco
42%
1831 - 1841 José Joaquín Prieto
41%
1925 Luis Barros Borgoño
41%
1841 - 1851 Manuel Bulnes
39%
1876 - 1881 Aníbal Pinto Garmendia
35%
1828 -1829 Francisco Pinto Díaz
35%
1829 Francisco Pinto Díaz
35%
1896 - 1901 Federico Errázuriz Echaurren
33%
1871 - 1876 Federico Errázuriz Zañartu
33%
1831 Fernando Errázuriz Aldunate
33%
1942 - 1946 Juan Antonio Ríos
33%
1827 Ramon Freire
30%
1829 Ramón Freire
30%
1881 - 1886 Domingo Santa María
28%
1901 - 1906 Germán Riesco
23%
1910 Emiliano Figueroa Larraín
18%
1891 Manuel Baquedano
18%
1925 - 1927 Emiliano Figueroa Larraín
17%
1931 Juan Esteban Montero
17%
1931 - 1932 Juan Esteban Montero
17%
1910 Elías Fernández
15%
1915 - 1920 Juan Luis Sanfuentes
13%
1826 -1827 Agustín Eyzaguirre
10%
1829 Francisco Vicuña y Larraín
10%
1829 Francisco Vicuña y Larraín
10%
1901 Aníbal Zañartu
9%
1932 Carlos Dávila
9%
1830 Francisco Ruiz-Tagle
9%
1925 Emilio Bello
7%
1829 - 1830 José Tomás Ovalle
7%
1830 - 1831 Jose Tomás Ovalle
7%
1946 Alfredo Duhalde
5%
1946 Alfredo Duhalde
5%
1932 Bartolomé Blanche
5%
1941 - 1942 Jerónimo Méndez
5%
1932 Abraham Oyanedel
4%
1932 Arturo Puga
4%
1946 Juan Antonio Iribarren
4%
1924 - 1925 Luis Altamirano
4%
1946 Vicente Merino
4%
1931 Manuel Trucco
3%
1931 Pedro Opazo
3%
1925 Pedro Pablo Dartnell
3%
No matching quizzes found
Score Distribution
Percent of People with Each Score
Percentile by Number Answered
Your Score History
You have not taken this quiz